Statistics for Countries with the highest and lowest total fertility rates

Click here to take the quiz!

General Stats

  • This quiz has been taken 30 times
  • The average score is 4 of 10

Answer Stats

TFRCountry% Correct
6.49Niger
88%
1.26South Korea
73%
0.83Singapore
65%
6.01Mali
46%
1.13Taiwan
42%
1.35Poland
38%
5.80Somalia
35%
6.16Angola
19%
1.30Bosnia and Herzegovina
19%
5.99Burundi
15%

Score Distribution

Percentile by Number Answered

Percent of People with Each Score

Your Score History

You have not taken this quiz